000 00560nam a22001697a 4500
005 20231110060441.0
008 231110b |||||||| |||| 00| 0 eng d
020 _a978409060287 ; 9780409129304
041 _aEnglish
082 _a346.1 VAN
100 _avan Niekerk, PA
_lEnglish
245 _aA Practical Guide to Patrimonial Litigation in Divorce Actions /
_cPA van Niekerk
260 _aDurban :
_bLexisNexis (Pty) Ltd,
_c2016
300 _bv, 577 pages ;
_c26 cm.
650 _aLegal practice
_bLaw
942 _cBK
_6ALISON_BN_VRIES
999 _c501
_d501